外堀通りの交差点 - Statistics

General Stats
  • This quiz has been taken 7 times
  • The average score is 6 of 21
Answer Stats
所在地 交差する道路 交差点名 % Correct
港区 青山通り(国道246号) 赤坂見附
80%
新宿区 大久保通り目白通り 飯田橋
80%
文京区 白山通り 水道橋
80%
港区 桜田通り(国道1号) 虎ノ門
60%
港区 六本木通り 溜池
60%
新宿区 新宿通り(国道20号) 四谷見附
60%
新宿区 靖国通り 市谷八幡町/市谷見附
60%
港区 日比谷通り 西新橋
40%
新宿区 早稲田通り 神楽坂下
40%
中央区 晴海通り 数寄屋橋
20%
千代田区 靖国通り 淡路町
20%
中央区 永代通り(国道1号) 呉服橋
20%
中央区 八重洲通り 八重洲中央口前
0%
中央区 鍛冶橋通り 鍛冶橋
0%
港区 昭和通り 新橋駅銀座口前
0%
港区 環二通り 赤坂一丁目
0%
文京区 本郷通り 聖橋
0%
千代田区 国道17号 昌平橋
0%
千代田区 大名小路 鎌倉橋
0%
中央区 江戸通り 新常盤橋
0%
中央区 八重洲通り 八重洲中央口前
0%
No matching quizzes found
Score Distribution
Percent of People with Each Score
Percentile by Number Answered
Your Score History
You have not taken this quiz